Basic medical history : The biology of cells, tissues and organs

Uloženo v:
Podrobná bibliografie
Hlavní autor: Kessel, Richard G.
Médium: Kniha
Jazyk:Undetermined
Vydáno: Oxford Oxford Univ. Press 1998
Témata:
Tagy: Přidat tag
Žádné tagy, Buďte první, kdo otaguje tento záznam!
Thư viện lưu trữ: Trung tâm Học liệu Trường Đại học Cần Thơ
LEADER 00540nam a2200205Ia 4500
001 CTU_67838
008 210402s9999 xx 000 0 und d
020 |b 41 
082 |a 611.0189 
082 |b K42 
100 |a Kessel, Richard G. 
245 0 |a Basic medical history : 
245 4 |b The biology of cells, tissues and organs 
245 0 |c Richard G. Kessel 
260 |a Oxford 
260 |b Oxford Univ. Press 
260 |c 1998 
650 |a Histology 
904 |i Minh 
980 |a Trung tâm Học liệu Trường Đại học Cần Thơ